Statistiques concernant Sommets de montagnes par continent - Click Quiz

Cliquez ici pour prendre le quiz!

Statistiques générales

  • Ce quiz a été pris 6 035 fois
  • Le résultat moyen est 11 sur 20

Statistiques - réponses

HintRéponse% Correct
Mont BlancEurope
97%
EverestAsie
94%
Mont FujiAsie
88%
Pico Cristóbal ColónAmérique du Sud
85%
KilimandjaroAfrique
83%
Mont OlympeEurope
81%
AconcaguaAmérique du Sud
77%
HuascaránAmérique du Sud
69%
Djebel ToubkalAfrique
63%
K2Asie
63%
CervinEurope
62%
Mont Saint HelensAmérique du Nord
57%
Aoraki / Mont CookOcéanie
42%
Mont ElbrouzEurope
37%
Piton de la FournaiseAfrique
36%
AnnapurnaAsie
30%
DenaliAmérique du Nord
29%
Montagne de la TableAfrique
18%
Massif VinsonAntarctique
14%
Mont KosciuszkoOcéanie
11%

Distribution des résultats

Percentile par nombre de réponses

% des personnes avec chaque résultat

Votre développement - résultats

Vous n’avez pas pris ce quiz